Enivronmental science (Record no. 3631)

MARC details
000 -LEADER
fixed length control field 00423nam a22001577a 4500
008 - FIXED-LENGTH DATA ELEMENTS--GENERAL INFORMATION
fixed length control field 250523b |||||||| |||| 00| 0 eng d
020 ## - INTERNATIONAL STANDARD BOOK NUMBER
ISBN 0471157827
100 ## - MAIN ENTRY--AUTHOR
Author Botkin B. Daniel
245 ## - TITLE STATEMENT
Title Enivronmental science
Remainder of title Earth as a living planet
250 ## - EDITION STATEMENT
Edition statement 2nd
260 ## - PUBLICATION, DISTRIBUTION, ETC. (IMPRINT)
Place of publication Canada
Name of publisher John wiley & sons
Date of publication 1998
300 ## - COLLATION
Pagination xiv,649
650 ## - TRACINGS
Main Subject Human ecology
Subdivision (1st) Biological diversity
942 ## - ADDED ENTRY ELEMENTS (KOHA)
Item type Books
050 ## - LIBRARY OF CONGRESS CALL NUMBER
Classification number GE105
Item number .B68
Holdings
Source of classification or shelving scheme Not for loan Permanent location Current location Date acquired Accession No. Full call number Barcode. Koha item type
Library of Congress Classification   Samuel Ogbemudia Main Library, University of Abuja Samuel Ogbemudia Main Library, University of Abuja 05/23/2025 2023-6113032 GE105.B68 2025-2113 Books
Library of Congress Classification   Samuel Ogbemudia Main Library, University of Abuja Samuel Ogbemudia Main Library, University of Abuja 05/23/2025 2023-6113032 GE105.B68 2025-2114 Books
Library of Congress Classification   Samuel Ogbemudia Main Library, University of Abuja Samuel Ogbemudia Main Library, University of Abuja 05/23/2025 2023-6113032 GE105.B68 2025-2115 Books